000 00602nam a2200229Ia 4500
003 OSt
005 20221005114834.0
006 a|||||r|||| 00| 0
007 ta
008 221004b |||||||| |||| 00| 0 guj d
024 _a62396
037 _cTextual
040 _aCRL
_cCRL
_bguj
041 _2guj
_aguj
082 _aO156,3MMU,1, 33J8
100 _aGuroor Ramaswaminyar Au.
_9626651
245 0 _aBhagawan kautilya
260 _c1958
650 _aGUJRATI LITERATURE
942 _hO156,3MMU,1, 33J8
_cTEXL
_2cc
999 _c1032607
_d1032607